00438pab a2200157 454500008004000000100001900040245004800059260000900107300001400116362000800130650003800138650003300176650001600209700002300225773003200248180718b2004 xxu||||| |||| 00| 0 eng d aSingh, Mandeep aEnergy use pattern in aqriculture in Punjab c2004 ap.265-78. aOct aEnergy resources - India - Punjab aAgriculture - India - Punjab aAgriculture aSaran, Sukhjeet K. aIndian Journal of Economics